| 000 | 00425 a2200169 4500 | ||
|---|---|---|---|
| 020 | _a9788183332552 | ||
| 082 | _a005.133 | ||
| 090 |
_c7030 _d7030 |
||
| 100 | _aKanetkar, Yashavant P. | ||
| 245 |
_aTest your C#.Net skills _cYashavant P. Kanetkar |
||
| 250 | _aPart I | ||
| 260 |
_aNew Delhi _bBPB Publications _c2008 |
||
| 300 | _a370 p. | ||
| 650 | _aC#.NET | ||
| 700 | _aYashavant P. Kanetkar | ||
| 942 |
_cBK _k005.133 KAN |
||
| 999 |
_c10839 _d10839 |
||